000 00575nam a2200193Ia 4500
005 20250508163141.0
008 008 250505s9999 xx 000 0 eng d
037 _aTextual
040 _aFEDL
_beng
_cFEDL
041 _aeng
_2eng
084 _a370.6, NCE
_qFEDL
100 _aNaik J. P.
245 0 _aMain recommendations of the education commission
260 _aNew Delhi, India
_bNational Council of Educational Research and Training
_c1969
300 _aviii,111p.
650 _aEducation
942 _cTEXL
_h370.6, NCE
999 _c1381165
_d1381165